000 00851nam a22002657a 4500
001 4009
003 FISKH
005 20240530101411.0
008 240530b cb ||||| |||| 00| 0 eng d
020 _a0439065089
040 _aFISKH
_beng
_cFISKH
_dFISKH
050 _aPZ7.D779
082 _a813.54
100 _aDraanen Van Wendelin
_d1965-
245 _aSammy keyes and the skeleton man /
_cWendelin Van Draanen
260 _aNew York :
_bScholastic,
_c1999
300 _a172 pages :
_c20 cm
505 _aO
520 _aOn Halloween night, seventh grader Sammy stumbles onto a mystery involving a twenty-year-old family feud and some heirlooms stolen by a man in a skeleton costume.
521 8 _a820
_bLexile
521 8 _aO
_bRaz-Plus
700 _aWendelin Van Draanen
942 _2ddc
_cBK
_n0
999 _c4009
_d4009